000 00689 a2200193 4500
005 2008091109359.0
008 080911t xxu||||| |||| 00| 0 eng d
010 _aENG-87727
020 _a8189649132
_c200.00
035 _aEN-71260
037 _bDBAD / PUB
082 _a630
245 _aAgricultural knowledge at a glance
_ceditors U.D. Chavan [et. al.]
260 _aPune
_bSun Publicatiions
_c2006
270 _a317, Narayan Peth, Opp. Daily Prabhat
_bPune
300 _a330 p.
_c28 cm (Pbk.)
942 _adpl
_cCH
_k630/AGR
_2ddc
_h630
_mAGR
999 _c6876
_d6876